000 00681nam a2200253Ia 4500
003 OSt
005 20220923225414.0
006 a|||||r|||| 00| 0
007 ta
008 220922b |||||||| |||| 00| 0 hin d
024 _a266,430
037 _cTextual
040 _aARTS
_cARTS
_bhin
041 _2hin
_ahin
082 _aO152,1N26:g, L4
100 _aगौतम
245 0 _aधर्मवीर भारती
246 _aDharmavīr bhāratī
260 _c1974
300 _a216पृ.
_ccm.
650 _aहिन्दी साहित्य
_9156264
942 _hO152,1N26:g, L4
_cTEXL
_2CC
999 _c378032
_d378032